Copinger and Skone James on copyright (Record no. 5766)

MARC details
000 -LEADER
fixed length control field 00382nam a22001337a 4500
008 - FIXED-LENGTH DATA ELEMENTS--GENERAL INFORMATION
fixed length control field 131013b xxu||||| |||| 00| 0 eng d
020 ## - INTERNATIONAL STANDARD BOOK NUMBER
International Standard Book Number 9-7804-1404-3312
082 ## - DEWEY DECIMAL CLASSIFICATION NUMBER
Edition number 16 ed.
Classification number 346.0482 GAR
100 ## - MAIN ENTRY--PERSONAL NAME
Personal name Garnett, Kevin
245 ## - TITLE STATEMENT
Title Copinger and Skone James on copyright
Statement of responsibility, etc Kevin,Garnett.
260 ## - PUBLICATION, DISTRIBUTION, ETC. (IMPRINT)
Place of publication, distribution, etc England
Name of publisher, distributor, etc Thomson Reuters
Date of publication, distribution, etc 2011
300 ## - PHYSICAL DESCRIPTION
Extent xv,1217P.
Dimensions 24cm.
942 ## - ADDED ENTRY ELEMENTS (KOHA)
Source of classification or shelving scheme Dewey Decimal Classification
Item type Books
Holdings
Withdrawn status Lost status Source of classification or shelving scheme Damaged status Not for loan Home library Current library Shelving location Date acquired Total Checkouts Full call number Barcode Date last seen Price effective from Koha item type Copy number Public note
    Dewey Decimal Classification     Law Development Centre Main Library Law Development Centre Main Library Text Books and Laws 10/13/2013   346.0482 GAR 8005/2013 10/13/2013 10/13/2013 Books    
    Dewey Decimal Classification     Law Development Centre Main Library Law Development Centre Main Library Text Books and Laws 10/16/2013   346.0482 GAR 8036/2013 10/16/2013 10/16/2013 Books 1a reserve